Modeling the Non-Newtonian Engine Oil Behavior in 1st Compression Ring Lubrication / (Record no. 607407)
[ view plain ]
| 000 -LEADER | |
|---|---|
| fixed length control field | 02357nam a22001577a 4500 |
| 003 - CONTROL NUMBER IDENTIFIER | |
| control field | NUST |
| 082 ## - DEWEY DECIMAL CLASSIFICATION NUMBER | |
| Classification number | 670 |
| 245 ## - TITLE STATEMENT | |
| Title | Modeling the Non-Newtonian Engine Oil Behavior in 1st Compression Ring Lubrication / |
| Statement of responsibility, etc. | Rashid Naseer |
| 264 ## - PRODUCTION, PUBLICATION, DISTRIBUTION, MANUFACTURE, AND COPYRIGHT NOTICE | |
| Place of production, publication, distribution, manufacture | Islamabad : |
| Name of producer, publisher, distributor, manufacturer | SMME- NUST; |
| Date of production, publication, distribution, manufacture, or copyright notice | 2009. |
| 300 ## - PHYSICAL DESCRIPTION | |
| Extent | 114p. ; |
| Other physical details | Soft Copy |
| Dimensions | 30cm. |
| 500 ## - GENERAL NOTE | |
| General note | Advancements in engine design have necessitated use of synthetic, multi-grade engine<br/>lubricants to reduce engine friction and wear and enhance its operational life. The modern multi-grade<br/>oils exhibit the non-Newtonian characteristics which are beneficial for an effective lubrication of the<br/>engines and industrial machinery. In the internal combustion engines, the piston ring assembly is a<br/>crucial component of the power plant. In the four stroke cycle the 1st compression ring is an important<br/>part of the piston ring pack which sustains the main combustion thrust directly. It is vulnerable to all<br/>forms of dynamic loads during the extreme and unusual engine operating conditions. When an engine<br/>starts up, the 1stcompression ring is most vulnerable to wear due to the absence of a fully established<br/>Elastohydrodynamic Lubricating (EHL) film. In this context, the viscoelastic behavior of anon<br/>Newtonian lubricant may contribute towards preventing wear of the interacting surfaces of the top ring<br/>and the cylinder liner. Role of oil behavior to minimize adhesive wear of piston skirt and liner surfaces<br/>during engine start up conditions under ideal conditions have yet to be properly modeled and<br/>thoroughly investigated. This calls for proper investigative research to model rheological behavior of<br/>non-Newtonian engine lubricants with particular focus on initial engine start up conditions.<br/>This research work will numerically model the hydrodynamic and Elastohydrodynamic<br/>Lubrication (EHL) of the 1st compression ring by considering the Newtonian and Non-Newtonian<br/>lubricant characteristics for comparative analysis. The secondary dynamics of the piston will be<br/>incorporated in the models at the different engine startup speeds, lubricant viscosities and radial<br/>clearances for optimum solutions. |
| 650 ## - SUBJECT ADDED ENTRY--TOPICAL TERM | |
| Topical term or geographic name entry element | MS Design and Manufacturing Engineering |
| 700 ## - ADDED ENTRY--PERSONAL NAME | |
| Personal name | Supervisor : Dr. Abdul Ghafoor |
| 856 ## - ELECTRONIC LOCATION AND ACCESS | |
| Uniform Resource Identifier | <a href=" http://10.250.8.41:8080/xmlui/handle/123456789/8917"> http://10.250.8.41:8080/xmlui/handle/123456789/8917</a> |
| 942 ## - ADDED ENTRY ELEMENTS (KOHA) | |
| Source of classification or shelving scheme | |
| Koha item type | Thesis |
| Withdrawn status | Permanent Location | Current Location | Shelving location | Date acquired | Full call number | Barcode | Koha item type |
|---|---|---|---|---|---|---|---|
| School of Mechanical & Manufacturing Engineering (SMME) | School of Mechanical & Manufacturing Engineering (SMME) | E-Books | 01/16/2024 | 670 | SMME-TH-03 | Thesis |
